Winning the Peace (Record no. 1211235)

MARC details
000 -LEADER
fixed length control field 00466nam a2200193Ia 4500
008 - FIXED-LENGTH DATA ELEMENTS--GENERAL INFORMATION
fixed length control field 151121s9999||||xx |||||||||||||| ||und||
082 ## - DEWEY DECIMAL CLASSIFICATION NUMBER
Classification number 824/BRA
082 ## - DEWEY DECIMAL CLASSIFICATION NUMBER
Item number HNW-2344
100 ## - MAIN ENTRY--PERSONAL NAME
Personal name Brayne F।L।
245 ## - TITLE STATEMENT
Title Winning the Peace
260 ## - PUBLICATION, DISTRIBUTION, ETC. (IMPRINT)
Name of publisher, distributor, etc "oxford Univ। Press, Londen"
260 ## - PUBLICATION, DISTRIBUTION, ETC. (IMPRINT)
Date of publication, distribution, etc --
300 ## - PHYSICAL DESCRIPTION
Extent 31
600 ## - SUBJECT ADDED ENTRY--PERSONAL NAME
Personal name Brayne F।L।
630 ## - SUBJECT ADDED ENTRY--UNIFORM TITLE
Uniform title Winning the Peace
700 ## - ADDED ENTRY--PERSONAL NAME
Personal name Brayne F।L।
730 ## - ADDED ENTRY--UNIFORM TITLE
Uniform title Winning the Peace
942 ## - ADDED ENTRY ELEMENTS (KOHA)
Koha item type Book
Holdings
Withdrawn status Lost status Damaged status Not for loan Home library Current library Date acquired Cost, normal purchase price Total Checkouts Full call number Barcode Date last seen Cost, replacement price Price effective from Koha item type
        Hirachand Nemchand Wachanalaya, Solapur Hirachand Nemchand Wachanalaya, Solapur 11/21/2015 0.00   HNW-2344 HNW-2344 11/21/2015 0.00 11/21/2015 Book